00507nam a2200133Ia 4500008004100000050002400041100002900065245007700094260004500171300004100216500005600257650003300313650002700346150609s9999 xx 000 0 und d aHF 5530b.Ol43 2015 aOlfato, Daryll Jethro A. aPOS and inventory system for jomat marketing /cDaryll Jethro A. Olfato. aLas Piñas, Philippines :bSISC,c2015. a104 pages :billustrations ;c28 cm. aIncludes bibliographical references and appendices. aInventory management systems aPoint-of-sale systems